000 00827nam a2200241Ia 4500
003 OSt
005 20220923212723.0
006 a|||||r|||| 00| 0
007 ta
008 220922b |||||||| |||| 00| 0 hin d
024 _a155,618
037 _cTextual
040 _aARTS
_cARTS
_bhin
041 _2hin
_ahin
082 _aO15,2D81,1:g, 152L3
100 _aगुप्ता, मंजुला
245 0 _aभारतेन्दु और उनका मुद्राराक्षस
246 _aBhāratendu aur unakā mudrārākṣhasa
260 _aदिल्ली
_b हिन्दी साहित्य संसार
_c1973
300 _a152 पृ.
_ccm.
942 _hO15,2D81,1:g, 152L3
_cTEXL
_2CC
999 _c311098
_d311098